Setrvačnosť je horší než konkurence.

V súčasnosti sa v medzinárodnej konkurencii presadzujú tie ekonomiky, v ktorých sa uplatňuje nový prístup k ľudskému činiteľovi, k spoločenskej zodpovednosti, k spoločenským zdrojom podnikania, k hybnému pôsobeniu etiky podnikania a pod. Strategické riadenie (general management) sa stáva aktuálnou f...

Descrizione completa

Salvato in:
Dettagli Bibliografici
Autore principale: Jirásek, J.
Natura: Capitolo di libro
Lingua:ceco
Soggetti:
Tags: Aggiungi Tag
Nessun Tag, puoi essere il primo ad aggiungerne!!

MARC

LEADER 00000naa a2200000 4500
001 r010060
005 20220831084545.2
041 0 |a cze 
044 |a [CS] 
245 1 0 |a Setrvačnosť je horší než konkurence.  |c J. Jirásek 
520 |a V súčasnosti sa v medzinárodnej konkurencii presadzujú tie ekonomiky, v ktorých sa uplatňuje nový prístup k ľudskému činiteľovi, k spoločenskej zodpovednosti, k spoločenským zdrojom podnikania, k hybnému pôsobeniu etiky podnikania a pod. Strategické riadenie (general management) sa stáva aktuálnou formou riadenia a autonómnym odborom manažmentu. Náčrt koncepcií strategického riadenia podniku. 
610 2 0 |a zodpovednosť spoločenská 
610 2 0 |a činiteľ ľudský 
610 2 0 |a konkurencia medzinárodná 
610 2 0 |a etika 
610 2 0 |a podnikanie 
610 2 0 |a riadenie strategické 
610 2 0 |a manažment 
610 2 0 |a koncepcie 
100 1 |a Jirásek, J.